20 Most Famous Cities in Dominican Republic on a Map - Statistics

General Stats
  • This quiz has been taken 70 times
  • The average score is 8 of 20
Answers on the Map
Answers color-coded by a green-red scale on the quiz's map according to % correct below.
 
Answer Stats
Wiki Monthly Views Cityquiz Mention Rate Population Answers % Correct
99.97K 34.52% 2752.78K Santo Domingo
100%
18.77K 2.71% 612.60K Santiago de los Caballeros
80%
84.41K 4.27% 90.54K Punta Cana
71%
10.61K 1.26% 265.31K La Romana
67%
16.46K 1.51% 132.88K Puerto Plata
49%
8.61K 0.62% 207.38K San Pedro de Macorís
47%
6.45K 0.63% 210.28K Higüey
39%
6.62K 0.73% 123.68K La Vega
35%
6.17K 0.21% 15.75K Samaná
35%
5.03K 0.29% 84.94K Barahona
33%
4.94K 0.44% 76.01K Boca Chica
33%
5.88K 0.22% 78.72K San Juan de la Maguana
33%
5.86K 1.53% 167.47K San Cristóbal
31%
5.95K 0.38% 143.73K San Francisco de Macorís
31%
4.52K 0.05% 70.28K Azua
29%
4.58K 0.43% 77.32K Baní
29%
5.02K 0.18% 30.39K Constanza
20%
4.43K 0.13% 12.82K Las Terrenas
20%
4.16K 0.50% 63.16K Moca
20%
5.16K - 49.59K Sosúa
14%
No matching quizzes found
Score Distribution
Percent of People with Each Score
Percentile by Number Answered
Your Score History
You have not taken this quiz